Imidž vybranej značky a jej vplyv na spotrebiteľské správanie vybranej generácie bakalárska práca

Gespeichert in:
Bibliographische Detailangaben
1. Verfasser: Lojek, Denis
Körperschaft: Obchodná fakulta EU. Katedra marketingu
Weitere Verfasser: Klepochová, Dagmar, 1968-
Format: Buch
Sprache:Slowakisch
Veröffentlicht: Bratislava 2024
Tags: Tag hinzufügen
Keine Tags, Fügen Sie das erste Tag hinzu!

MARC

LEADER 00000nbm a2200000 4500
001 0302271
005 20250617104227.1
041 0 |a slo 
044 |a SK 
245 1 0 |a Imidž vybranej značky a jej vplyv na spotrebiteľské správanie vybranej generácie  |b bakalárska práca  |c Denis Lojek ; školiteľ: Dagmar Klepochová 
264 1 |a Bratislava  |c 2024 
300 |a 48 s. 
100 1 |a Lojek, Denis 
700 1 |a Klepochová, Dagmar, 1968- 
710 2 |a Obchodná fakulta EU. Katedra marketingu